000
00292nam a22001217a 4500
020
_a
87762-421-6
082
_a
658.56 HIM'G
100
_a
HIMMELFORD, DAVID
_9
67618
245
_a
A GUIDE TO PRODUCT FAILURES AND ACCIDENTS
260
_a
BESEL
_b
TECHNOMIC
_c
1985
300
_a
301P
942
_c
BK
999
_c
575349
_d
575349